01469nam a2200361 a 4500001001000000003000400010005001700014008004100031020001500072040002500087082001400112245009300126260006300219300002100282500004200303504003200345590002700377650005100404650003800455650005200493700003600545700004400581700003300625700004200658700003300700700003500733700004500768910003700813942001400850952010600864952012000970999001701090000038210OSt20260401182423.0130322s2010 dr 000 0 spa d a9945425013 aDO-SdBNPbspacBNPHU a362bS45600aSeguridad social /cFéliz María Reyes [et. al.] ; prólogo Julio Aníbal Suárez. aSanto Domingo :bEscuela Nacional de la Judicatura,c2010. a232 p. ;c29 cm. aIncluye notas al pie de las páginas aBibliografía : p. 231-232 aInventariado, 2018/ YL 4aSeguridad socialzRepública Dominicana92151 4aSeguridad socialxFinanzas964572 0aSeguridad social xLeyes y legislación91176412aPérez Mirambeaux, Abel96457312aNúñez Pepén, Juana María96457412aFrett Mejía, Rafael96457512aPéres Victoriano, Felícita96457612aAzón Vilas, Félix96457712aVásquez Goico, Rafael96457812aSuárez, Julio Anibal,eprólogo96537 aValidado. Control de calidad MFF 2ddccLBS1 00102ddc708PDaBNPHUbPDcHDd2013-03-22iLF1l0o362 S456p38210-10r2020-06-25w2020-06-25yLFPD 00102ddc728MOaBNPHUbPDcHDd2020-11-03eDomínico Americano l0o362 S456r2020-11-03te. 2w2020-11-03yLBS1 c37700d37700